[Event "Prague op"]
[Site "Prague"]
[Date "1996.??.??"]
[Round "4"]
[White "Voloshin, Leonid"]
[Black "Panchenko, Alexandar G"]
[Result "1/2-1/2"]
[WhiteElo "2400"]
[BlackElo "2420"]

1.c4 b6 2.Nc3 Bb7 3.e4 e6 4.g3 Bb4 5.Bg2 f5 6.Nge2 Nf6 7.Qc2 Bxc3 8.Nxc3 fxe4
9.Nxe4 Bxe4 10.Bxe4 Nxe4 11.Qxe4 Nc6 12.d4 O-O 13.O-O Qf6 14.Be3 Rae8 15.Rad1 Qf5
16.Qxf5 Rxf5 17.Rd2 a6 18.Rc1 Ne7 19.Rc3 Ra5 20.b3 Rf5 21.Kg2 Rb8 22.Rc1 c6
23.Bf4 Rb7 24.Bd6 Rf7 25.Bxe7 Rxe7 26.Re1 Kf7 27.Rde2 d6 28.f4 b5 29.Rc1 bxc4
30.Rxc4 Rb6 31.Rec2 Rc7 32.Re2 a5 33.Kf3 d5 34.Rc3 a4 35.Rce3 axb3 36.axb3 Rb4
37.Rxe6 Rxd4 38.R6e3 Rb4 39.Rc3 d4 40.Rd3 Rcb7 41.Kg4 c5 42.Re5 Rc7 43.Kf3 Rb8
44.Ke4 Rd8 45.Rd2 Re7 46.Rc2 Rxe5+ 47.fxe5 d3 48.Rd2 Rd4+ 49.Ke3 Ke6 50.Rxd3  1/2-1/2

[Event "Rieden op"]
[Site "Rieden"]
[Date "1996.??.??"]
[Round "?"]
[White "Tompa, Janos"]
[Black "Biro, Sandor"]
[Result "1/2-1/2"]
[WhiteElo "2445"]
[BlackElo "2345"]

1.c4 b6 2.Nc3 Bb7 3.Nf3 g6 4.b3 Bg7 5.Bb2 Nf6 6.Qc2 O-O 7.e3 c5 8.Be2 Nc6
9.a3 d6 10.O-O e5 11.d3 d5 12.cxd5 Nxd5 13.Rfd1 Nc7 14.Rac1 Qe7 15.Ne4 Rac8
16.Ned2 Rfd8 17.Qb1 Nd5 18.Bf1 Bh6 19.Re1 Re8 20.Qa1 Rcd8 21.Nc4 f6 22.Rcd1 Bc8
23.d4 cxd4 24.exd4 e4 25.Bd3 f5 26.Bf1 Qf6 27.Nfe5 Nce7 28.Bc1 g5 29.f3 Rf8
30.Qb2 exf3 31.Nxf3 f4 32.Nce5 g4 33.Nd2 Qh4 34.Ne4 Nf5 35.Bc4 Kh8 36.Bxd5 Rxd5
37.Rf1 g3 38.h3 f3 39.Rxf3 Bxc1 40.Qxc1 Qxe4 41.Rf4 Qe2 42.Re1 Qh5 43.Ree4 Ba6
44.Rg4 Rxd4 45.Nf3 Rd7 46.Qb2+ Ng7 47.Rxg3 Qf5  1/2-1/2

[Event "Sakthi"]
[Site "Sakthi"]
[Date "1996.??.??"]
[Round "8"]
[White "Koshy, Varugeese"]
[Black "Lovlu, Saifuddi"]
[Result "0-1"]
[WhiteElo "2410"]
[BlackElo "2215"]

1.c4 b6 2.Nc3 e6 3.e4 Bb7 4.Nf3 Bb4 5.Bd3 Ne7 6.O-O O-O 7.Bc2 f5 8.Qe2 Nbc6
9.d4 Bxc3 10.bxc3 Qe8 11.d5 Nd8 12.Nd4 Ba6 13.Ba3 f4 14.Ba4 c6 15.dxc6 dxc6
16.Rad1 Rc8 17.Rd2 Rf6 18.Bd6 Ng6 19.e5 Rf7 20.Rfd1 Nh4 21.Ba3 f3 22.Qe4 g5
23.g3 Bxc4 24.Nxc6 Nxc6 25.Qxc4 Ng6 26.Qe4 Rf5 27.Rd6 Nge7 28.Rxe6 Qh5 29.Bb3 Kh8
30.Qe1 Ng6 31.Bd5 Ncxe5  0-1

[Event "Seefeld op"]
[Site "Seefeld"]
[Date "1996.??.??"]
[Round "?"]
[White "Nadenau, Oskar"]
[Black "Khenkin, Igor"]
[Result "0-1"]
[WhiteElo "2105"]
[BlackElo "2575"]

1.c4 b6 2.Nc3 Bb7 3.d3 e6 4.e3 f5 5.Nf3 Nf6 6.Be2 Bd6 7.Bd2 O-O 8.Nb5 Be7
9.O-O a6 10.Nc3 Bd6 11.h3 Nc6 12.a3 Qe8 13.b4 h6 14.Rb1 Rb8 15.Qc2 g5 16.Ne1 g4
17.g3 Ne5 18.c5 gxh3 19.e4 bxc5 20.bxc5 Bxc5 21.Bf4 Bd4 22.Nf3 Nxf3+ 23.Bxf3 e5
24.Ne2 exf4 25.Qc4+ d5 26.Qxd4 fxe4 27.Bg4 Nxg4 28.Rxb7 Rxb7 29.Qxd5+ Qf7
30.Qxb7 h2+ 31.Kh1 fxg3 32.Qxe4 Nxf2+  0-1

[Event "Soest op"]
[Site "Soest"]
[Date "1996.??.??"]
[Round "5"]
[White "Schuurman, Petra"]
[Black "Hoogendoorn, Joost"]
[Result "1/2-1/2"]
[WhiteElo "2090"]
[BlackElo "2335"]

1.c4 b6 2.d4 Bb7 3.Nc3 Nf6 4.d5 e6 5.a3 Bd6 6.Nf3 exd5 7.cxd5 O-O 8.Bg5 h6
9.Bh4 Re8 10.e3 c6 11.Bc4 Na6 12.Rc1 b5 13.Ba2 b4 14.axb4 Nxb4 15.dxc6 dxc6
16.Bc4 Nbd5 17.O-O Be7 18.Nxd5 cxd5 19.Bb5 Rf8 20.Nd4 Qb6 21.Qa4 Rac8 22.Bc6 Bd8
23.b4 Ng4 24.Bxd8 Rfxd8 25.h3 Ne5 26.b5 Nc4 27.Nf5 Rc7 28.Qa1 f6 29.Nd4 Rd6
30.Qa2 Kh8 31.Rfd1  1/2-1/2

[Event "Velden op"]
[Site "Velden"]
[Date "1996.??.??"]
[Round "6"]
[White "Hanel, Reinhard"]
[Black "Di Lazzaro, Gabriele"]
[Result "1-0"]
[WhiteElo "2350"]
[BlackElo "2095"]

1.c4 b6 2.Nc3 e6 3.e4 Bb7 4.d4 Bb4 5.f3 Qh4+ 6.g3 Bxc3+ 7.bxc3 Qh5 8.Nh3 f5
9.Nf4 Qf7 10.Bg2 Nc6 11.c5 Nge7 12.O-O O-O 13.d5 exd5 14.exd5 Ne5 15.Qd4 N5g6
16.c4 Qf6 17.Qxf6 Rxf6 18.Bb2 Rf7 19.Nd3 Ba6 20.Rfc1 Nxd5 21.f4 c6 22.cxd5 Bxd3
23.dxc6 dxc6 24.Bxc6 Rd8 25.Rd1 Rff8 26.cxb6 Ne7 27.Ba4 axb6 28.Ba3 Kf7 29.Rac1 b5
30.Rc7 Rfe8 31.Bb3+ Kf6 32.Bxe7+ Rxe7 33.Rc6+  1-0

[Event "Velden op"]
[Site "Velden"]
[Date "1996.??.??"]
[Round "8"]
[White "Hanel, Reinhard"]
[Black "Teske, Henrik"]
[Result "0-1"]
[WhiteElo "2350"]
[BlackElo "2520"]

1.c4 b6 2.Nc3 Bb7 3.Nf3 c5 4.g3 Bxf3 5.exf3 Nc6 6.Bg2 g6 7.O-O Bg7 8.d3 e6
9.Nb5 Nge7 10.Nd6+ Kf8 11.Rb1 Be5 12.Nb5 Kg7 13.Re1 d5 14.f4 Bf6 15.g4 Qd7
16.g5 Bd4 17.b4 Rad8 18.Nxd4 Nxd4 19.bxc5 bxc5 20.Ba3 Qd6 21.Qc1 Rc8 22.Rb7 h6
23.h3 hxg5 24.fxg5 Rh5 25.cxd5 Nxd5 26.Bb2 e5 27.Bxd4 exd4 28.Re4 Rc7 29.Rxc7 Qxc7
30.h4 Nc3 31.Re8 Rxh4 32.Qe1 Qh2+ 33.Kf1 Rg4 34.Qe5+ Qxe5 35.Rxe5 c4 36.Bf3 Rf4
37.Be2 cxd3 38.Bxd3 Nxa2 39.Ra5 Nb4 40.Be2 d3 41.Bd1 a6 42.Ke1 Kf8 43.f3 Ke7
44.Kd2 Kd6 45.Ke3 Rh4 46.Bb3 Rh2 47.Kd4 Nc6+  0-1

[Event "AUT-chT9697"]
[Site "Vorarlberg"]
[Date "1996.??.??"]
[Round "?"]
[White "Lochner, Herbert"]
[Black "Tomaselli, Philipp"]
[Result "0-1"]
[WhiteElo "1895"]
[BlackElo "1790"]

1.c4 b6 2.Nc3 e6 3.e4 Bb7 4.Nf3 g6 5.d4 Bg7 6.Be2 Ne7 7.O-O O-O 8.Re1 d6
9.Bg5 Nd7 10.b4 c5 11.a3 h6 12.Bh4 g5 13.Bg3 g4 14.Nd2 Bxd4 15.Nb5 Bxa1 16.Qxa1 Bc6
17.Nxd6 Ng6 18.b5 Nb8 19.bxc6 Nxc6 20.Bxg4 e5 21.Nf5 Qxd2 22.h4 Nd4 23.Rd1 Qc2
24.Nxh6+ Kh7 25.Nf5 Rad8 26.Re1 Qxc4 27.Qb2 Qc2 28.Qxc2 Nxc2 29.Rc1 Nd4 30.Ne3 f6
31.Kf1 Nb3 32.Rc2 Ne7 33.Ke1 Kg7 34.f3 Rd4 35.Be6 Na5 36.Bf2 Rd6 37.Ba2 Rfd8
38.Nd5 Nxd5 39.Bxd5 Nc6 40.Be3 Ne7 41.Bc4 Rd1+ 42.Ke2 Rh1 43.g3 Rh2+ 44.Bf2 Nc6
45.Rc1 Kg6 46.Bd5 Ne7 47.Bc4 f5 48.Rc2 fxe4 49.fxe4 Nc6 50.Ke3 Nd4 51.Rc1 Rf8
52.h5+ Kh6  0-1

[Event "Wattens op"]
[Site "Wattens"]
[Date "1996.??.??"]
[Round "5"]
[White "Larcher, Hans"]
[Black "Lentner, Gerwald"]
[Result "1-0"]
[WhiteElo "1950"]
[BlackElo "1690"]

1.c4 b6 2.Nc3 e6 3.d4 Bb7 4.e3 Nf6 5.Nf3 d5 6.a3 Be7 7.cxd5 exd5 8.Bd2 Nbd7
9.Bd3 Ne4 10.Qc2 Nxc3 11.bxc3 h6 12.O-O O-O 13.Bc1 Nf6 14.Nd2 Bd6 15.f3 Re8
16.e4 dxe4 17.fxe4 Nd7 18.Bc4 Rf8 19.e5 Nxe5 20.dxe5 Bxe5 21.Nf3 Bf6 22.Bb2 c5
23.Rad1 Qc7 24.Qf5 Bc8 25.Qh5 Qf4 26.Be2 Bg4 27.Qd5 Qe3+ 28.Rf2 Rad8 29.Qb3 Rxd1+
30.Bxd1 Bxf3 31.Bxf3 Rd8 32.Qc2 Rd3 33.Kf1 Bxc3 34.Re2 Qd4 35.Re8+ Kh7 36.Bxc3  1-0

[Event "NBG Open Weilburg"]
[Site "Weilburg"]
[Date "1996.??.??"]
[Round "2"]
[White "Schuh, Karsten"]
[Black "Kengis, Edvins"]
[Result "1/2-1/2"]
[WhiteElo "2240"]
[BlackElo "2560"]

1.c4 b6 2.Nc3 Bb7 3.e4 e6 4.Nf3 Bb4 5.Bd3 Ne7 6.O-O O-O 7.Re1 f5 8.a3 Bxc3
9.dxc3 fxe4 10.Bxe4 Bxe4 11.Rxe4 Nbc6 12.Bg5 Qe8 13.Qe2 Nf5 14.Bf4 Rc8 15.Rd1 h6
16.Bg3 Rf6 17.Nd4 Ncxd4 18.cxd4 Nxg3 19.hxg3 Qg6 20.Rg4 Qf7 21.f3 d5 22.b3 Rd8
23.Qe3 Qe7 24.cxd5 Rxd5 25.b4 Qd6 26.Re1 h5 27.Re4 Qxg3 28.Rxe6 Rg5 29.Re8+ Kh7
30.Qe4+ Rgg6 31.Re2 Qxf3 32.Qxf3 Rxf3 33.R2e5 Rxa3 34.Rxh5+ Rh6 35.Rxh6+ Kxh6
36.Rc8 Rb3 37.Rxc7 Rxb4 38.Rxa7 Rxd4 39.Rb7 Rb4 40.Kf2 Rb3 41.g3 g6 42.Kg2 Kg5
43.Kh3 Rb2 44.Rb8 b5 45.Rb7 Rb1 46.Rb8 Rb4 47.Rb7 Kf6 48.Rb8 g5 49.Rf8+ Ke5
50.g4 Rb3+ 51.Kg2 b4 52.Rf5+ Kd4 53.Rxg5 Rd3 54.Rb5 Kc4 55.Rb6 Rd5 56.Kf3 b3
57.Kf4 Rb5 58.Rc6+ Kd3 59.Rc1 b2 60.Rb1 Kc2 61.Rxb2+ Rxb2 62.g5 Kd3 63.g6 Kd4
64.Kf5 Rb5+ 65.Kf6 Rb6+ 66.Kf5 Rxg6  1/2-1/2

[Event "Werfen op-A"]
[Site "Werfen"]
[Date "1996.??.??"]
[Round "5"]
[White "Piven, Igor"]
[Black "Lada, Ireneusz"]
[Result "1/2-1/2"]
[WhiteElo "2385"]
[BlackElo "2145"]

1.c4 b6 2.d4 e6 3.a3 f5 4.Nc3 Nf6 5.Nf3 Ba6 6.e3 Be7 7.Bd3 Bb7 8.Qc2 O-O
9.Bd2 c5 10.d5 exd5 11.cxd5 g6 12.Bc4 Kh8 13.Qd3 d6 14.Ng5 Bc8 15.O-O h6
16.Ne6 Bxe6 17.dxe6 Nc6 18.f4 Na5 19.Bd5 c4 20.Bxc4 Nxc4 21.Qxc4 d5 22.Qd3 Bc5
23.b4 Be7 24.Nb5 a6 25.Nd4 Ne4 26.Rac1 Rc8 27.Bc3 Kh7 28.Bb2 Bf6 29.Rxc8 Qxc8
30.Rc1 Qb7 31.Rc6 Rc8 32.Rc2 b5 33.e7 Bxe7 34.Nf3 Rxc2 35.Qxc2 Bf6 36.Bxf6 Nxf6
37.Qc3 Ne4 38.Qc2 Qb6 39.Nd4 Qb7 40.Kf1 Qe7 41.Nf3 Qa7 42.Ne5 Qb7 43.Ke2 g5
44.Qc6 Qxc6 45.Nxc6 Nd6 46.Nb8 Nc4 47.Nxa6 Nxa3 48.Kd3 Kg6 49.Nc7 Kh5 50.Nxd5 gxf4
51.exf4 Kg4 52.Ke3 Nc2+ 53.Kf2 Kh5 54.g3 Kg6 55.Ke2 Kh5 56.h3 Kg6 57.Kd2 Nd4
58.Nc7 h5 59.Kd3 Nc6 60.Kc3 h4 61.gxh4 Kh5 62.Nxb5 Kxh4 63.Nd4 Ne7 64.b5 Kxh3
65.Nxf5 Nxf5 66.b6 Nd6 67.f5 Kg4 68.f6 Ne4+ 69.Kc4 Nxf6  1/2-1/2

[Event "Sonnevanck"]
[Site "Wijk aan Zee"]
[Date "1996.??.??"]
[Round "5"]
[White "Claesen, Pieter"]
[Black "Janssen, Ruud"]
[Result "1/2-1/2"]
[WhiteElo "2410"]
[BlackElo "2270"]

1.c4 b6 2.Nf3 e6 3.g3 Bb7 4.Bg2 Nf6 5.O-O Be7 6.b3 O-O 7.Bb2 d5 8.e3 c5 9.Nc3 dxc4
10.bxc4 Nc6 11.d3 Nb4 12.Qb3 Rc8 13.Rad1 Qc7 14.a3 Nc6 15.Qc2 Rfd8 16.Ne1 Qb8
17.f4 a6 18.Qe2 Bf8 19.g4 Na5 20.Rf2 b5 21.g5 Nd7 22.cxb5 axb5 23.f5 Bxg2
24.Nxg2 Ne5 25.fxe6 fxe6 26.Nf4 c4 27.d4 Nd3 28.Nxd3 cxd3 29.Qxd3 Nc4 30.g6 h6
31.Rb1 Rc5 32.Ne4 Rf5 33.a4 Qa8 34.Rxf5 exf5 35.Ng3 f4 36.exf4 Qxa4 37.Bc3 Re8
38.Ra1 Qb3 39.Rb1 Qa4 40.Ra1 Qb3 41.Rb1 Qa4  1/2-1/2

[Event "Sonnevanck"]
[Site "Wijk aan Zee"]
[Date "1996.??.??"]
[Round "6"]
[White "Janssen, Ruud"]
[Black "Rogers, Ian"]
[Result "0-1"]
[WhiteElo "2270"]
[BlackElo "2575"]

1.c4 b6 2.d4 e6 3.e4 Bb7 4.Bd3 Bb4+ 5.Kf1 Bf8 6.Nc3 d6 7.d5 e5 8.Be3 Nf6
9.g4 g6 10.h4 Bc8 11.f3 h5 12.g5 Nh7 13.b4 Be7 14.c5 dxc5 15.bxc5 Bxc5 16.Bxc5 bxc5
17.Qa4+ Kf8 18.Qa5 Kg7 19.Qxc5 Na6 20.Qa3 Qd6 21.Qxd6 cxd6 22.Nge2 Nc5 23.Bb5 Rb8
24.Kf2 f6 25.gxf6+ Nxf6 26.Ke3 Rf8 27.Rab1 Kh6 28.Rhg1 Rb7 29.Bc6 Rbf7 30.Rg3 Ba6
31.Bb5 Bc8 32.Bc6 a6 33.Na4 Ncxe4 34.fxe4 Nxe4 35.Kxe4 Bf5+ 36.Ke3 Bxb1 37.Nac3 Rf1
38.a4 Bf5 39.Bb7 a5 40.Rg1 Rxg1 41.Nxg1 g5 42.hxg5+ Kxg5 43.Nb5 Rf6 44.Bc6 h4
45.Nc7 Bg4 46.Ne8 Rh6  0-1

[Event "Sonnevanck"]
[Site "Wijk aan Zee"]
[Date "1996.??.??"]
[Round "9"]
[White "Claesen, Pieter"]
[Black "Bricard, Emmanuel"]
[Result "1-0"]
[WhiteElo "2410"]
[BlackElo "2475"]

1.c4 b6 2.Nf3 Bb7 3.g3 Nf6 4.Bg2 e6 5.O-O Be7 6.b3 O-O 7.Bb2 c5 8.e3 d6 9.Nc3 a6
10.Qe2 Nbd7 11.e4 Qc7 12.d4 cxd4 13.Nxd4 Rfe8 14.Rfe1 Rac8 15.Nf3 Qb8 16.a4 Qa8
17.Nd2 Ne5 18.a5 bxa5 19.Rxa5 d5 20.Nd1 Bb4 21.Ra4 Bd6 22.f4 Nc6 23.e5 Bc5+
24.Kh1 Nd7 25.cxd5 exd5 26.Ne3 Bxe3 27.Qxe3 d4 28.Qe2 Nb6 29.Raa1 d3 30.Qg4 Nb4
31.Ne4 Rc2 32.e6 Rxb2 33.exf7+ Kh8 34.fxe8=Q+ Qxe8 35.Nf2 Qb8 36.Qe6 h6 37.Qe8+ Qxe8
38.Rxe8+ Kh7 39.Bxb7 Rxf2 40.Be4+ g6 41.Bxd3 Nxd3 42.Rxa6  1-0

[Event "Yerevan ol (Men)"]
[Site "Yerevan"]
[Date "1996.??.??"]
[Round "3"]
[White "Sinanovic, Muhamed"]
[Black "Sandler, Leonid"]
[Result "1-0"]
[WhiteElo "2390"]
[BlackElo "2345"]

1.c4 b6 2.Nc3 Bb7 3.d4 e6 4.a3 g6 5.e4 Bg7 6.Nf3 Ne7 7.d5 O-O 8.Bg5 f6 9.Bf4 c6
10.d6 Nc8 11.b4 c5 12.Rb1 cxb4 13.axb4 f5 14.e5 h6 15.h4 Nc6 16.Be2 a5 17.b5 Nb4
18.Qd2 Bxf3 19.Bxf3 Rb8 20.g3 Kh7 21.Kf1 Na7 22.Na4 Qe8 23.Kg2 Qf7 24.Rbc1 Rfe8
25.Rhe1 Qg8 26.Qd4 Nc8 27.Bd2 Qf8 28.Bxb4 axb4 29.c5 bxc5 30.Qxc5 b3 31.b6 b2
32.Rb1 Nxd6 33.Qxd6 Qxd6 34.exd6 Rec8 35.b7 Rc2 36.Red1 e5 37.Bd5 e4 38.Nb6 e3
39.Nxd7 Rxb7 40.Bxb7 e2 41.Re1 Bc3 42.Nf6+ Kg7 43.d7 Ba5 44.Ne8+  1-0

[Event "Hallsberg opJ32"]
[Site "Hallsberg"]
[Date "1997.01.03"]
[Round "7"]
[White "Karlsson, Lars"]
[Black "Kulaots, Kaido"]
[Result "1/2-1/2"]
[WhiteElo "2470"]
[BlackElo "2405"]

1.c4 b6 2.Nc3 Bb7 3.e4 e6 4.d3 c5 5.g3 Nc6 6.Bg2 Nf6 7.Nge2 Be7 8.O-O O-O
9.h3 a6 10.b3 Rb8 11.Kh2 Ra8 12.Be3 b5 13.Rc1 d6 14.f4 Nd7 15.Qe1 Bf6 16.Qf2 Qa5
17.Rfd1 Rfe8 18.Kh1 Be7 19.Kh2  1/2-1/2

[Event "Komercni Banka op"]
[Site "Pardubice"]
[Date "1997.07.24"]
[Round "8"]
[White "Stohl, Igor"]
[Black "Chernyshov, Konstantin"]
[Result "0-1"]
[WhiteElo "2565"]
[BlackElo "2445"]

1.c4 b6 2.d4 Bb7 3.Nc3 e6 4.a3 f5 5.d5 Na6 6.g3 Nc5 7.Bg2 Nf6 8.Nh3 a5 9.O-O Bd6
10.Nb5 O-O 11.Nxd6 cxd6 12.a4 exd5 13.cxd5 Re8 14.Nf4 Nce4 15.Be3 g5 16.Nd3 Nxd5
17.Bd4 Re6 18.Re1 Qe8 19.Qb3 Bc6 20.e3 Qh5 21.Rad1 Rae8 22.Nc1 Kf8 23.Bxb6 Ndf6
24.f3 Nf2 25.Kxf2 Qxh2 26.e4 Nh5 27.Ne2 Rxe4 28.fxe4 Rxe4 29.Rh1 Rxe2+ 30.Kxe2 Nxg3+
31.Kd2 Qxg2+ 32.Kc1 Nxh1 33.Bc7 Qf3 34.Bxd6+ Kg7 35.Be5+ Kh6 36.Rd6+ Kh5
37.Qxf3+ Bxf3 38.Rxd7 h6 39.Ra7 f4 40.Rxa5 Ng3 41.b4 Kg4 42.Bf6 Nf5 43.Rc5 h5
44.Rc8 Bd5 45.Rd8 Bc4 46.Rc8 Be6 47.Re8 f3 48.Kd2 f2 49.Ke2 Kg3  0-1

[Event "Bayer op"]
[Site "Leverkusen"]
[Date "1997.10.03"]
[Round "3"]
[White "Vehreschild, Axel"]
[Black "Bagirov, Vladimir"]
[Result "0-1"]
[WhiteElo "2155"]
[BlackElo "2495"]

1.c4 b6 2.Nc3 Bb7 3.e4 e6 4.Nf3 c5 5.d4 cxd4 6.Nxd4 d6 7.Be3 Nf6 8.f3 Nbd7
9.Qd2 a6 10.Rd1 Rc8 11.Be2 Be7 12.b3 O-O 13.O-O Qc7 14.Bf2 Rfd8 15.Rc1 Qb8
16.Rfd1 Bf8 17.Bf1 Ne5 18.Qb2 h6 19.Nde2 Bc6 20.Nd4 Be8 21.Kh1 Qb7 22.Be3 Rb8
23.Qf2 Ng6 24.Rd2 Rbc8 25.Be2 b5 26.cxb5 axb5 27.Qf1 b4 28.Na4 Rxc1 29.Qxc1 d5
30.Nc2 Bxa4 31.bxa4 Ra8 32.Bb5 dxe4 33.fxe4 Nxe4 34.Rd4 Nc3 35.Nxb4 Nxb5
36.axb5 Qxb5 37.Qb2 Qf1+ 38.Bg1 Bc5  0-1

[Event "RUS-Cup01 Chigorin mem"]
[Site "St Petersburg"]
[Date "1997.11.09"]
[Round "9"]
[White "Murashko, Vyacheslav L"]
[Black "Poluljahov, Aleksandr"]
[Result "1/2-1/2"]
[WhiteElo "2415"]
[BlackElo "2510"]

1.c4 b6 2.Nc3 e6 3.e4 Bb7 4.Nf3 Bb4 5.Bd3 Ne7 6.O-O O-O 7.Re1 f5 8.exf5 Nxf5
9.Be4 Bxe4 10.Nxe4 Nc6 11.a3 Bc5 12.b4 Bd4 13.Ra2 a6 14.d3 Qe8 15.Ng3 Nxg3
16.hxg3 b5 17.Re4 Bf6 18.Rae2 Qb8 19.Bf4 Qb7 20.Qd2 Rad8 21.Qc1 Rc8 22.Qb1 Ne7
23.g4 Ng6 24.Bg3 Be7 25.c5 a5 26.Qc2 axb4 27.axb4 c6 28.Be5 Ra8 29.Qb2 Rf7
30.Nd2 Nxe5 31.Qxe5 Bf6 32.Qg3 Ra1+ 33.Kh2 Bd8 34.Qe3 Bc7+ 35.g3 Qa7 36.Nf3 Qa4
37.Kg2 Qb3 38.Nd4 Qd5 39.f4 Ra3 40.Rd2 h6 41.Nf3 Ra2  1/2-1/2

[Event "AUT-chT3 9798"]
[Site "Vorarlberg "]
[Date "1997.11.21"]
[Round "4"]
[White "Thoma, Robert"]
[Black "Dobosz, Henryk"]
[Result "0-1"]
[WhiteElo "2300"]
[BlackElo "2395"]

1.c4 b6 2.d4 e6 3.Nc3 Bb7 4.a3 Nf6 5.e3 g6 6.Nf3 Bg7 7.Be2 O-O 8.O-O d5 9.cxd5 Nxd5
10.Qc2 Nxc3 11.bxc3 Nd7 12.Rd1 Qc8 13.a4 c5 14.Ba3 Rd8 15.Rac1 Qc7 16.Bb5 a6
17.Bxd7 Rxd7 18.a5 cxd4 19.axb6 Qxb6 20.cxd4 Qd8 21.Qe2 Rc8 22.Bc5 e5 23.Ra1 e4
24.Ne1 Rxc5 25.dxc5 Bxa1 26.Rxa1 Rd2 27.Qf1 Qf6 28.Rb1 Bc6 29.Rb6 Qc3 30.Nf3 exf3
31.Rxc6 Re2 32.gxf3 Re1  0-1

[Event "Viking op"]
[Site "Aaland-Stockholm"]
[Date "1997.??.??"]
[Round "?"]
[White "Plachetka, Jan"]
[Black "Kengis, Edvins"]
[Result "1/2-1/2"]
[WhiteElo "2445"]
[BlackElo "2590"]

1.c4 b6 2.Nc3 Bb7 3.e4 e6 4.Nge2 Nf6 5.e5 Ng4 6.d4 Qh4 7.Ng3 Bb4 8.h3 Nh6
9.a3 Bxc3+ 10.bxc3 Nf5 11.Qh5 Qxh5 12.Nxh5 O-O 13.a4 d6 14.exd6 cxd6 15.a5 Rc8
16.f3 bxa5 17.Rxa5 Nd7 18.Kf2 Nb6  1/2-1/2

[Event "Wch Seniors"]
[Site "Bad Wildbad"]
[Date "1997.??.??"]
[Round "5"]
[White "Kahn, Manfred"]
[Black "Bagirov, Vladimir"]
[Result "1/2-1/2"]
[WhiteElo "2215"]
[BlackElo "2495"]

1.c4 b6 2.d4 e6 3.a3 Bb7 4.Nc3 f5 5.d5 Nf6 6.g3 Bd6 7.Bg2 O-O 8.Nf3 Na6 9.O-O Nc5
10.Nb5 a5 11.Nxd6 cxd6 12.Nd4 Qe7 13.dxe6 Bxg2 14.Kxg2 dxe6 15.b3 Qb7+ 16.Kg1 d5
17.Bb2 dxc4 18.bxc4 Rad8 19.Qc2 Nfe4 20.Nf3 Rd7 21.Rfd1 Rfd8 22.Ne5 Rd6 23.f3 Nf6
24.Rxd6 Rxd6 25.Rd1 Qc7 26.Kf2 h6 27.Rxd6 Qxd6 28.Nd3 Kf7 29.Kg2 Ke7 30.Ne5 Ke8
31.Nd3 Kf7 32.Ne5+ Kg8 33.Nd3 Kf7 34.Ne5+  1/2-1/2

[Event "Badalona op"]
[Site "Badalona"]
[Date "1997.??.??"]
[Round "?"]
[White "Gonzales, Jorge A"]
[Black "Janssen, Ruud"]
[Result "1-0"]
[WhiteElo "2350"]
[BlackElo "2350"]

1.c4 b6 2.d4 e6 3.a3 Bb7 4.Nc3 Nf6 5.d5 Bd6 6.Nf3 Qe7 7.g3 c6 8.Bg5 Na6 9.Bxf6 gxf6
10.Bg2 h5 11.h4 f5 12.e3 Nc5 13.Nd4 cxd5 14.cxd5 Kf8 15.b4 Ne4 16.Nxe4 fxe4
17.Bxe4 a5 18.O-O Rg8 19.Qxh5 axb4 20.axb4 Rxa1 21.Rxa1 exd5 22.Qh6+  1-0

[Event "Oberliga Bayern9697"]
[Site "Bayern"]
[Date "1997.??.??"]
[Round "?"]
[White "Schlosser, Hans"]
[Black "Taeger, Winfried"]
[Result "1/2-1/2"]
[WhiteElo "2325"]
[BlackElo "2310"]

1.c4 b6 2.Nc3 e6 3.d4 Bb7 4.Nf3 f5 5.g3 Nf6 6.Bg2 Be7 7.O-O O-O 8.d5 Qe8
9.a3 a5 10.Nd4 Na6 11.b3 Nc5 12.f3 g6 13.Bh6 Rf7 14.e4 fxe4 15.fxe4 e5 16.Nde2 Ng4
17.Rxf7 Kxf7 18.Bc1 Nxb3 19.Qxb3 Bc5+ 20.Kf1 Qd8 21.Nd1 Nxh2+ 22.Ke1 Kg8
23.Be3 Bxe3 24.Qxe3 Ng4 25.Qf3 Nh2 26.Qe3 Ng4 27.Qf3 Nh2  1/2-1/2

[Event "Regionalliga NO9798"]
[Site "Bayern"]
[Date "1997.??.??"]
[Round "?"]
[White "Niessen, Helga"]
[Black "Schroll, Ralph"]
[Result "1-0"]
[WhiteElo "2065"]
[BlackElo "2195"]

1.c4 b6 2.Nc3 Bb7 3.d4 e6 4.Nf3 Nf6 5.Bg5 Be7 6.Qd3 O-O 7.e4 d5 8.cxd5 exd5
9.e5 Ne4 10.Bxe7 Qxe7 11.Qb5 c5 12.Rd1 Rd8 13.Be2 Nd7 14.O-O Rac8 15.Qb3 Nf8
16.Rfe1 Ne6 17.Qa3 a6 18.Bd3 Qc7 19.Nxd5 Bxd5 20.Bxe4 Bxe4 21.Rxe4 cxd4 22.h3 Qc2
23.Ree1 h6 24.Rd2 Qc4 25.b3 Qc3 26.Qxa6 Ng5 27.Qd3 Nxf3+ 28.gxf3 Qb4 29.Re4 Rc3
30.Qe2 Qc5 31.Kg2 b5 32.Qd1 d3 33.Re3 Qd5 34.Re4 Rdc8 35.Qe1 Rc2 36.Re3 Rc1
37.Rd1 R1c3 38.Qd2 b4 39.Rxd3 Qxe5 40.Rd8+ Rxd8 41.Qxd8+ Kh7 42.Rd4 Rc6 43.Rxb4 h5
44.Qh4 Rf6 45.Rg4 Kh6 46.Rg3 Rf4 47.Qd8 g5 48.Qb6+ Rf6 49.Qd8 Qf5 50.Qh8+ Kg6
51.h4 g4 52.Qg8+ Kh6 53.Qh8+ Kg6 54.Qa8 Kh7 55.Qe4 gxf3+ 56.Qxf3 Qxf3+ 57.Rxf3  1-0

[Event "Landesliga Nord9798"]
[Site "Bayern"]
[Date "1997.??.??"]
[Round "?"]
[White "Heusinger, Martin"]
[Black "Rottler, Martin"]
[Result "1-0"]
[WhiteElo "1970"]
[BlackElo "2115"]

1.c4 b6 2.d4 Bb7 3.Nc3 e6 4.Nf3 Nf6 5.Bf4 Bb4 6.e3 O-O 7.Bd3 h6 8.h3 d5 9.Qc2 dxc4
10.Bxc4 Be4 11.Qb3 Nc6 12.Bb5 Bd5 13.Qa4 Bxc3+ 14.bxc3 Ne7 15.O-O Bxf3 16.gxf3 Nfd5
17.Bg3 Nxc3 18.Qc4 Nxb5 19.Qxb5 c6 20.Qa4 Qd7 21.Kg2 Rfd8 22.Rfc1 Rac8 23.Qa3 Nf5
24.Rc2 h5 25.Rac1 Qe7 26.Qxe7 Nxe7 27.Rc4 Rd7 28.Kf1 f6 29.Ke2 Kf7 30.R1c2 Rd5
31.R4c3 g5 32.Rc4 h4 33.Bh2 e5 34.dxe5 fxe5 35.Ra4 a5 36.Rb2 Rb8 37.Rc4 Ke6
38.a4 Kd7 39.e4 b5 40.exd5  1-0

[Event "BEL-chT9697"]
[Site "BEL"]
[Date "1997.??.??"]
[Round "5"]
[White "Tonoli, Walter"]
[Black "Lau, Ralf"]
[Result "1/2-1/2"]
[WhiteElo "2285"]
[BlackElo "2510"]

1.c4 b6 2.Nf3 Bb7 3.g3 Bxf3 4.exf3 c5 5.d4 cxd4 6.Qxd4 Nc6 7.Qd2 g6 8.Nc3 Bg7
9.b3 Nf6 10.Bb2 O-O 11.Bg2 a6 12.O-O Rb8 13.f4 b5 14.Nd5 Ne8 15.Ne3 Bxb2
16.Qxb2 Nf6 17.Rfd1 Qb6 18.Rac1 Rfd8 19.c5 Qc7 20.b4 a5 21.a3 axb4 22.axb4 Ra8
23.Ra1 Qb7 24.h4 Rxa1 25.Rxa1 Ra8 26.h5 Rxa1+ 27.Qxa1 Qa7 28.Qxa7 Nxa7 29.hxg6 hxg6
30.Nc2 Kf8 31.Nd4 Ke8 32.Kf1 Kd8 33.Bf3 Kc7 34.Ke1 d6 35.cxd6+ Kxd6 36.Be2  1/2-1/2

[Event "BEL-chT9697"]
[Site "BEL"]
[Date "1997.??.??"]
[Round "9"]
[White "Plomp, Gordon"]
[Black "Groffen, Hans"]
[Result "1-0"]
[WhiteElo "2315"]
[BlackElo "2220"]

1.c4 b6 2.Nf3 Bb7 3.g3 Bxf3 4.exf3 c5 5.d4 Nc6 6.Be3 cxd4 7.Bxd4 Nxd4 8.Qxd4 e6
9.Nc3 Qf6 10.Qe4 Rc8 11.Qb7 Qe5+ 12.Be2 Rxc4 13.Qa8+ Ke7 14.f4 Qc7 15.Bxc4 Qxc4
16.O-O-O Nf6 17.Qxa7 Nd5 18.Qb8 f6 19.Rxd5 exd5 20.Re1+ Kf7 21.Qe8+ Kg8 22.Qxd7  1-0

[Event "BEL-chT9697"]
[Site "BEL"]
[Date "1997.??.??"]
[Round "9"]
[White "Cekro, Ekrem"]
[Black "Hausrath, Daniel"]
[Result "0-1"]
[WhiteElo "2410"]
[BlackElo "2440"]

1.c4 b6 2.Nc3 Bb7 3.e4 e6 4.g3 f5 5.Bg2 Nf6 6.d3 fxe4 7.Nge2 Nc6 8.dxe4 Bc5
9.O-O O-O 10.Na4 e5 11.Nxc5 bxc5 12.Nc3 Nd4 13.f4 exf4 14.Bxf4 d6 15.Bg5 Rb8
16.Qd2 Qe7 17.Rae1 Qe5 18.Bf4 Qh5 19.h3 Nd7 20.g4 Qg6 21.Be3 h5 22.gxh5 Qxh5
23.Bxd4 cxd4 24.Qxd4 Ne5 25.b3 Qg5 26.Kh1 Qh4 27.Nd5 Bxd5 28.Qxd5+ Kh7 29.Qd1 Qg3
30.Rf5 Rxf5 31.exf5 Qg5 32.Qc1 Qh5 33.Qd1 Qg5 34.Qc1 Qh5 35.Qf4 Nd3 36.Qe4 Nf2+  0-1

[Event "Benasque op"]
[Site "Benasque"]
[Date "1997.??.??"]
[Round "3"]
[White "Georgiev, Vladimir"]
[Black "Cooper, Lawrence"]
[Result "1-0"]
[WhiteElo "2515"]
[BlackElo "2365"]

1.c4 b6 2.Nf3 c5 3.g3 Bb7 4.Bg2 g6 5.O-O Bg7 6.Nc3 Nf6 7.b3 O-O 8.Bb2 d6
9.e3 Nbd7 10.d4 Ne4 11.Qc2 Nxc3 12.Bxc3 cxd4 13.Bxd4 Nf6 14.Rfd1 Qc7 15.Qb2 Be4
16.Nd2 Bxg2 17.Kxg2 Qb7+ 18.f3 d5 19.Rac1 Rac8 20.e4 dxc4 21.bxc4 Rfd8 22.e5 Ne8
23.Ne4 Nc7 24.c5 Ne6 25.Be3 Rxd1 26.Rxd1 Rb8 27.cxb6 axb6 28.Qb5 Qc7 29.Rd5 Ra8
30.Qb3 Rb8 31.Rb5 Bxe5 32.Bxb6 Qc6 33.a4 Bg7 34.Bf2 Rxb5 35.axb5 Qb7 36.Qc4 Be5
37.b6 Kf8 38.Be3 Bb8 39.Qb5 f5 40.Nc5 Nxc5 41.Qxc5 Ke8 42.Qc4 Kd7 43.Qg8 Be5
44.Qxh7 Qc6 45.Qg8 Qc2+ 46.Bf2 Qc6 47.Qa2 Kc8 48.Qa6+ Kd7 49.Qa7+ Ke6 50.Qa2+ Kd7
51.Qb3 g5 52.Qe3 Qf6 53.Qd3+ Ke8 54.b7 Bb8 55.Qc4 Qe5  1-0

[Event "Berliner Sommer"]
[Site "Berlin"]
[Date "1997.??.??"]
[Round "1"]
[White "Gropp, A."]
[Black "Ruzele, Darius"]
[Result "0-1"]
[WhiteElo "2085"]
[BlackElo "2525"]

1.c4 b6 2.d4 Bb7 3.Nc3 e6 4.e4 Bb4 5.f3 Ne7 6.Bd3 Nbc6 7.Ne2 Bxc3+ 8.bxc3 d6
9.O-O Qd7 10.Ba3 Ba6 11.c5 Bxd3 12.Qxd3 dxc5 13.Rad1 Na5 14.Qc2 Qc6 15.d5 exd5
16.exd5 Qd7 17.c4 O-O 18.Bb2 Nf5 19.Nf4 Rae8 20.Rfe1 Rxe1+ 21.Rxe1 Re8 22.Re4 Nd6
23.Qc3 f6 24.Rxe8+ Qxe8 25.Ne6 Naxc4 26.Nxc7 Qe2  0-1

[Event "Budapest FS06 IM"]
[Site "Budapest"]
[Date "1997.??.??"]
[Round "3"]
[White "Aumann, Welf"]
[Black "Czebe, Attila"]
[Result "0-1"]
[WhiteElo "2340"]
[BlackElo "2325"]

1.c4 b6 2.e4 Bb7 3.Nc3 e6 4.Nf3 Bb4 5.Bd3 Ne7 6.O-O O-O 7.Re1 f5 8.exf5 Nxf5
9.Be4 Nc6 10.d4 Qf6 11.d5 Ncd4 12.Bd2 Nh4 13.Re3 Bc5 14.Rd3 Ndxf3+ 15.Bxf3 Qg6
16.Be1 Rxf3 17.Qxf3 Nxf3+ 18.Rxf3 exd5 19.Nxd5 Rf8 20.Rg3 Qc2  0-1